Prachina bharatiya lipigalu (Record no. 211800)

MARC details
000 -LEADER
fixed length control field 00732nam a2200217Ia 4500
003 - CONTROL NUMBER IDENTIFIER
control field OSt
005 - DATE AND TIME OF LATEST TRANSACTION
control field 20251205164559.0
008 - FIXED-LENGTH DATA ELEMENTS--GENERAL INFORMATION
fixed length control field 210719s2020 xx 000 0 und d
040 ## - CATALOGING SOURCE
Transcribing agency AL
041 ## - LANGUAGE CODE
Language code of text/sound track or separate title Kannada
082 ## - DEWEY DECIMAL CLASSIFICATION NUMBER
Classification number 411.0954K VIGP
100 ## - MAIN ENTRY--PERSONAL NAME
Personal name VIGHNARAJA (S R)
Dates associated with a name ವಿಘ್ನರಾಜ (ಎಸ್ ಅರ್)
9 (RLIN) 248017
245 ## - TITLE STATEMENT
Title Prachina bharatiya lipigalu
Remainder of title ಪ್ರಾಚೀನ ಭಾರತೀಯ ಲಿಪಿಗಳು
260 ## - PUBLICATION, DISTRIBUTION, ETC.
Place of publication, distribution, etc. Dharmasthala
Name of publisher, distributor, etc. Shri Manjunatheshvara Pustaka Prakashana Male
Date of publication, distribution, etc. 2020
300 ## - PHYSICAL DESCRIPTION
Extent 146
Other physical details PB
365 ## - TRADE PRICE
Price amount 150
Currency code Rs
650 ## - SUBJECT ADDED ENTRY--TOPICAL TERM
Topical term or geographic name entry element Linguistics
9 (RLIN) 248018
650 ## - SUBJECT ADDED ENTRY--TOPICAL TERM
Topical term or geographic name entry element Linguistics
9 (RLIN) 248018
906 ## - LOCAL DATA ELEMENT F, LDF (RLIN)
a Ancient ; bharatiya ; Indian ; lipigalu ; Prachina ; scripts
942 ## - ADDED ENTRY ELEMENTS (KOHA)
Source of classification or shelving scheme Dewey Decimal Classification
Koha item type Book
Holdings
Withdrawn status Lost status Source of classification or shelving scheme Damaged status Not for loan Collection code Home library Current library Date acquired Source of acquisition Cost, normal purchase price Total Checkouts Full call number Barcode Date last seen Cost, replacement price Price effective from Koha item type
    Dewey Decimal Classification     Kannada St Aloysius Library St Aloysius Library 02/10/2021 General Annual | Navakarnataka Publication Pvt Ltd Mangalore 150.00   411.0954K VIGP 074614 07/19/2021 120.00 07/19/2021 Book